W jakim języku mówią mieszkańcy tego państwa - Statystyki

Ogólne statystyki
  • Ten quiz został rozwiązany 1 411 razy
  • Średni wynik to 9 z 15
Statystyki odpowiedzi
Zagadnienie Odpowiedź % Poprawnych
Szwajcaria niemiecki
100%
Estonia estoński
88%
Belgia niderlandzki
88%
Liechtenstein niemiecki
88%
Słowacja słowacki
88%
Białoruś rosyjski
75%
Cypr Północny turecki
75%
Turcja Żaden z powyższych
75%
Malta angielski
63%
Bośnia i Hercegowina chorwacki
63%
Kosowo albański
38%
Wielka Brytania szkocki
38%
Cypr nowogrecki
13%
Macedonia Północna albański
0%
Finlandia szwedzki
0%
Nie znaleziono quizów pasujących do podanych kryteriów
Rozkład punktacji
Procent ludzi z każdym wynikiem
Percentyl według liczby udzielonych odpowiedzi
Twoja historia wyników
Nie rozwiązałeś tego quizu